00345nam a2200157Ia 4500008004100000041000800041082001200049100001900061245002400080250000900104260002300113300000900136650001200145906000900157999002100166240830s2000 xx 000 0 und d amar a613 DHO aDHOBALE JOSTNA aAROGYA SAKAL SAMPDA aN.D. aPUNEbDELMARc2000 a102p aGENERAL aN.D. c1199042d1199042